000
00333nam a22001577a 4500
020
_a
81-8204-053-1
082
_a
641.5
_b
CHA
100
_a
CHAKARVARTI, B.K
245
_a
MODERN PROFESSIONAL COOKERY
250
_a
1ST
260
_a
DELHI
_b
AMAN
_c
2010
300
_a
341
650
_a
COOKERY
653
_a
COOKERY
942
_2
ddc
_c
BK
999
_c
8047
_d
8047